Pythiaceous fungi (Record no. 57447)

MARC details
000 -LEADER
fixed length control field 00789cam a22002651 4500
001 - CONTROL NUMBER
control field sa 64002667
003 - CONTROL NUMBER IDENTIFIER
control field DLC
005 - DATE AND TIME OF LATEST TRANSACTION
control field 20260227112011.0
008 - FIXED-LENGTH DATA ELEMENTS--GENERAL INFORMATION
fixed length control field 770419s1962 ii b f000 0 eng
010 ## - LIBRARY OF CONGRESS CONTROL NUMBER
LC control number sa 64002667
035 ## - SYSTEM CONTROL NUMBER
System control number (OCoLC)2901877
040 ## - CATALOGING SOURCE
Original cataloging agency DLC
Transcribing agency CoFS
Modifying agency CoFS
-- DLC
042 ## - AUTHENTICATION CODE
Authentication code premarc
050 00 - LIBRARY OF CONGRESS CALL NUMBER
Classification number SB733
Item number .R3
100 1# - MAIN ENTRY--PERSONAL NAME
Personal name Rangaswami, G.
Fuller form of name (Govindachetty),
Dates associated with a name 1925-
245 10 - TITLE STATEMENT
Title Pythiaceous fungi
Remainder of title (a review)
Statement of responsibility, etc. by G. Rangaswami.
260 ## - PUBLICATION, DISTRIBUTION, ETC.
Place of publication, distribution, etc. New Delhi,
Name of publisher, distributor, etc. Indian Council of Agricultural Research,
Date of publication, distribution, etc. [1962]
300 ## - PHYSICAL DESCRIPTION
Extent xiii, 276 p.
Dimensions 25 cm.
500 ## - GENERAL NOTE
General note "First published August 1961."
504 ## - BIBLIOGRAPHY, ETC. NOTE
Bibliography, etc. note Bibliography: p. 149-261.
650 #0 - SUBJECT ADDED ENTRY--TOPICAL TERM
Topical term or geographic name entry element Pythium.
650 #0 - SUBJECT ADDED ENTRY--TOPICAL TERM
Topical term or geographic name entry element Phytophthora.
650 #0 - SUBJECT ADDED ENTRY--TOPICAL TERM
Topical term or geographic name entry element Phytopathogenic fungi
General subdivision Host plants.
650 #0 - SUBJECT ADDED ENTRY--TOPICAL TERM
Topical term or geographic name entry element Plant diseases.

No items available.

Powered by Koha